000
00255 a2200097 4500
001
36027
100
_a
Hancock J C
245
_a
An Introduction to the principles of communication theory
260
_a
N Delhi
_b
Tata McGraw Hill
_c
090
_c
23511
_d
23511
942
_a
NUST-CAE
_c
M
_c
15016
999
_c
271100
_d
271100